Las claves del arte rococó

Guardat en:
Dades bibliogràfiques
Autor principal: Triadó Tur, Juan-Ramón (Autor)
Format: Llibre
Idioma:espanyol
Publicat: Barcelona Arín 1986
Col·lecció:Colección Las claves del arte
Matèries:
Etiquetes: Afegir etiqueta
Sense etiquetes, Sigues el primer a etiquetar aquest registre!

MARC

LEADER 00000nam a2200000 a 4500
001 UCX4637
003 CL-VaPUC
008 920630e19860000SP |||||||||||||||||spa|d
082 0 4 |a 709.033  |b TRI  |2 21 
100 0 |a Triadó Tur, Juan-Ramón  |e author  |9 320861 
245 1 4 |a Las claves del arte rococó 
300 |a 80 p 
942 |c BK 
945 |d 19920630 00:00:00 
260 |a Barcelona  |b Arín  |c 1986 
650 0 |a Arte rococó  |9 268376 
583 |a last modification  |c 20120315 10:42:54  |k Rodrigo Vera 
490 0 |a Colección Las claves del arte 
999 |c 225053  |d 225051 
952 |0 0  |1 0  |4 0  |6 709_033000000000000_TRI_1986  |7 0  |8 A  |9 222221  |a BIBHIS  |b BIBHIS  |d 2019-11-15  |i 2910705  |o 709.033 TRI 1986  |p 2910705  |r 2025-01-20  |w 2019-11-15  |y BK  |k HIS